[Event "CAN-ch rapid playoff"]
[Site "Guelph CAN"]
[Date "2011.05.11"]
[Round "2"]
[White "Sambuev, Bator"]
[Black "Hansen, Eric"]
[Result "1-0"]
[WhiteElo "2513"]
[BlackElo "2425"]
[PlyCount "77"]
[GameId "2160767909704504"]
[EventDate "2011.05.11"]
[EventType "match (rapid)"]
[EventRounds "2"]
[EventCountry "CAN"]
[SourceTitle "CBM 142 Extra"]
[Source "ChessBase"]
[SourceDate "2011.06.27"]
[SourceVersion "1"]
[SourceVersionDate "2011.06.27"]
[SourceQuality "1"]

1. d4 Nf6 2. Nf3 e6 3. e3 d5 4. Bd3 Bd6 5. b3 Nbd7 6. Bb2 O-O 7. O-O c5 8. Ne5 b6 9. f4 Bb7 10. Nd2 Ne4 11. Bxe4 dxe4 12. Ndc4 Be7 13. Nxd7 Qxd7 14. dxc5 Qxd1 15. Rfxd1 Bxc5 16. Ba3 Rfc8 17. Bxc5 Rxc5 18. Nd6 Rc7 19. c4 Bc6 20. Rd4 f5 21. Rad1 Kf8 22. a4 Ke7 23. Nb5 Rd7 24. Nc3 Rc7 25. Kf2 Rf8 26. Ra1 Kf6 27. a5 Rb8 28. b4 bxa5 29. b5 Be8 30. Rxa5 Rbc8 31. Ra4 a6 32. Rxa6 Rxc4 33. Nd5+ Kf7 34. Ra7+ Kf8 35. Rxc4 Rxc4 36. Nc7 Ke7 37. b6 Rc2+ 38. Kg3 Rb2 39. Na6+ 1-0

[Event "CAN-ch"]
[Site "Guelph CAN"]
[Date "2011.05.06"]
[Round "1"]
[White "Djerkovic, Miladin"]
[Black "Hansen, Eric"]
[Result "0-1"]
[WhiteElo "2186"]
[BlackElo "2425"]
[PlyCount "68"]
[GameId "2160767909704506"]
[EventDate "2011.05.06"]
[EventType "swiss"]
[EventRounds "9"]
[EventCountry "CAN"]
[SourceTitle "CBM 142 Extra"]
[Source "ChessBase"]
[SourceDate "2011.06.27"]
[SourceVersion "1"]
[SourceVersionDate "2011.06.27"]
[SourceQuality "1"]

1. c4 Nf6 2. g3 c6 3. Bg2 d5 4. Nf3 dxc4 5. Qc2 Qd5 6. Nc3 Qa5 7. O-O Nbd7 8. e4 e5 9. Nd1 b5 10. d3 cxd3 11. Qxc6 Rb8 12. Bd2 b4 13. Ne3 Bb7 14. Qc4 Ba6 15. Qb3 Nc5 16. Qd1 Ncxe4 17. Nf5 g6 18. Nh6 Bb7 19. Nxe5 Bxh6 20. Bxh6 Qxe5 21. Bf4 Qd4 22. Bxb8 O-O 23. Bf4 Rd8 24. Be3 Qxb2 25. Rb1 Qe2 26. Rxb4 Nc3 27. Qa1 Bxg2 28. Kxg2 Nfd5 29. Bh6 Qe5 30. Re1 Qf6 31. Bd2 Qc6 32. Kg1 Ne2+ 33. Rxe2 dxe2 34. Re4 Nc3 0-1

[Event "CAN-ch"]
[Site "Guelph CAN"]
[Date "2011.05.07"]
[Round "2"]
[White "Hansen, Eric"]
[Black "Barron, Michael"]
[Result "1-0"]
[WhiteElo "2425"]
[BlackElo "2223"]
[PlyCount "51"]
[GameId "2160767909704526"]
[EventDate "2011.05.06"]
[EventType "swiss"]
[EventRounds "9"]
[EventCountry "CAN"]
[SourceTitle "CBM 142 Extra"]
[Source "ChessBase"]
[SourceDate "2011.06.27"]
[SourceVersion "1"]
[SourceVersionDate "2011.06.27"]
[SourceQuality "1"]

1. d4 f5 2. c4 Nf6 3. Nc3 d6 4. Bg5 Nbd7 5. Qc2 g6 6. h4 Bg7 7. Nh3 h6 8. Bxf6 Nxf6 9. O-O-O c6 10. e3 Qa5 11. Be2 Be6 12. Nf4 Bf7 13. h5 g5 14. Ng6 Bxg6 15. hxg6 e6 16. Kb1 d5 17. f3 O-O 18. e4 fxe4 19. fxe4 Nxe4 20. Nxe4 dxe4 21. Bg4 e5 22. d5 e3 23. dxc6 bxc6 24. Be6+ Kh8 25. Rd7 Rf2 26. Rxh6+ 1-0

[Event "CAN-ch"]
[Site "Guelph CAN"]
[Date "2011.05.08"]
[Round "4"]
[White "Hansen, Eric"]
[Black "Sambuev, Bator"]
[Result "1/2-1/2"]
[WhiteElo "2425"]
[BlackElo "2513"]
[PlyCount "125"]
[GameId "2160767909704554"]
[EventDate "2011.05.06"]
[EventType "swiss"]
[EventRounds "9"]
[EventCountry "CAN"]
[SourceTitle "CBM 142 Extra"]
[Source "ChessBase"]
[SourceDate "2011.06.27"]
[SourceVersion "1"]
[SourceVersionDate "2011.06.27"]
[SourceQuality "1"]

1. e4 e6 2. d4 d5 3. Nd2 c5 4. exd5 exd5 5. Ngf3 Nc6 6. Bb5 Bd6 7. dxc5 Bxc5 8. Nb3 Bd6 9. O-O Nge7 10. Re1 O-O 11. Bg5 Qc7 12. h3 h6 13. Be3 Nf5 14. Bd2 Be6 15. Rc1 Qb6 16. c4 Bg3 17. Re2 Rad8 18. Qc2 Bb8 19. Rce1 Qc7 20. cxd5 Bxd5 21. Qxf5 Bxf3 22. Bf4 Qxf4 23. Qxf4 Bxf4 24. gxf3 Rd6 25. Re4 Bg5 26. Rc4 Bf6 27. Bxc6 bxc6 28. Re2 Rb8 29. Rec2 Rb5 30. f4 a5 31. Ra4 Rdd5 32. Kg2 Kh7 33. Rxc6 Bxb2 34. Ra6 Bc3 35. Rc4 Bf6 36. Ra7 Kg6 37. Ra6 h5 38. Ra4 Kf5 39. R6xa5 Rxa5 40. Nxa5 Bd4 41. Kf3 Bc5 42. Nc4 Rd3+ 43. Ne3+ Ke6 44. Ke2 Rd6 45. Ra8 Bb4 46. Ra4 Rd2+ 47. Kf3 Bd6 48. f5+ Kd7 49. Ra7+ Bc7 50. Ra4 Bb6 51. Ra6 Bc5 52. Ra8 Ke7 53. a4 Bxe3 54. fxe3 Rh2 55. Kg3 Re2 56. Kf4 Rh2 57. Kg3 Re2 58. Kf4 Rh2 59. a5 Rxh3 60. Ra7+ Kf6 61. Ra6+ Ke7 62. Ra7+ Kf6 63. Ra6+ 1/2-1/2

[Event "CAN-ch"]
[Site "Guelph CAN"]
[Date "2011.05.08"]
[Round "5"]
[White "Mills, Morgon"]
[Black "Hansen, Eric"]
[Result "0-1"]
[WhiteElo "2056"]
[BlackElo "2572"]
[PlyCount "61"]
[GameId "2160767909704567"]
[EventDate "2011.05.06"]
[EventType "swiss"]
[EventRounds "9"]
[EventCountry "CAN"]

1. e4 c5 2. Nf3 e6 3. c3 Nf6 4. e5 Nd5 5. d4 cxd4 6. cxd4 d6 7. Nc3 Nxc3 8. bxc3 Qc7 9. Qb3 Nd7 10. Bb5 a6 11. Bxd7+ Bxd7 12. exd6 Bxd6 13. Ba3 Bc6 14. Bxd6 Qxd6 15. Ne5 Bd5 16. Qb4 Qxb4 17. cxb4 Rc8 18. O-O Ke7 19. Rfc1 Bxa2 20. Rc5 Bd5 21. Rac1 Rxc5 22. Rxc5 f6 23. Nd3 Kd7 24. Nf4 Bc6 25. Kf1 g5 26. Nh5 Ke7 27. f4 gxf4 28. Nxf4 Rd8 29. Rh5 Rxd4 30. Rxh7+ Kd6 31. Nh5 0-1

[Event "CAN-ch"]
[Site "Guelph CAN"]
[Date "2011.05.09"]
[Round "6"]
[White "Hansen, Eric"]
[Black "Noritsyn, Nikolay"]
[Result "1-0"]
[WhiteElo "2425"]
[BlackElo "2419"]
[PlyCount "73"]
[GameId "2160767909704581"]
[EventDate "2011.05.06"]
[EventType "swiss"]
[EventRounds "9"]
[EventCountry "CAN"]
[SourceTitle "CBM 142 Extra"]
[Source "ChessBase"]
[SourceDate "2011.06.27"]
[SourceVersion "1"]
[SourceVersionDate "2011.06.27"]
[SourceQuality "1"]

1. d4 e6 2. e4 b6 3. Nf3 Bb7 4. Bd3 d6 5. O-O Nd7 6. a4 a6 7. Re1 Ne7 8. Nbd2 g6 9. Nf1 Bg7 10. Ng3 O-O 11. c3 c5 12. h4 Nc6 13. Bb1 h6 14. h5 cxd4 15. Nxd4 g5 16. Nxc6 Bxc6 17. Qxd6 Rc8 18. Bc2 Be5 19. Qd1 Qf6 20. Nf1 Qg7 21. Ne3 Bc7 22. Qe2 Nf6 23. Ng4 Nxh5 24. e5 Nf4 25. Bxf4 gxf4 26. Be4 Bxe4 27. Nf6+ Kh8 28. Qxe4 Bd8 29. Qxf4 Bxf6 30. exf6 Qg5 31. Qxg5 hxg5 32. Re5 Rc5 33. Rxc5 bxc5 34. Re1 Rb8 35. Re5 Kg8 36. Rxg5+ Kf8 37. Rxc5 1-0

[Event "CAN-ch"]
[Site "Guelph CAN"]
[Date "2011.05.10"]
[Round "7"]
[White "Gerzhoy, Leonid"]
[Black "Hansen, Eric"]
[Result "1/2-1/2"]
[WhiteElo "2496"]
[BlackElo "2425"]
[PlyCount "74"]
[GameId "2160767909704592"]
[EventDate "2011.05.06"]
[EventType "swiss"]
[EventRounds "9"]
[EventCountry "CAN"]
[SourceTitle "CBM 142 Extra"]
[Source "ChessBase"]
[SourceDate "2011.06.27"]
[SourceVersion "1"]
[SourceVersionDate "2011.06.27"]
[SourceQuality "1"]

1. d4 Nf6 2. c4 e6 3. g3 d5 4. Bg2 Be7 5. Nf3 O-O 6. O-O dxc4 7. Qc2 a6 8. Qxc4 b5 9. Qc2 Bb7 10. Bd2 Be4 11. Qc1 Nbd7 12. Ba5 Ra7 13. Nbd2 Bd5 14. Re1 Qa8 15. e4 Bb7 16. b4 Nb8 17. Ne5 Bd6 18. Qb2 Rc8 19. Rac1 Nfd7 20. Nxd7 Nxd7 21. Nb3 Nb6 22. Nc5 Nc4 23. Rxc4 bxc4 24. Nxb7 Qxb7 25. e5 Qb5 26. exd6 cxd6 27. Qc2 d5 28. h4 Re7 29. a4 Qc6 30. f4 Rce8 31. Kh2 f5 32. Re3 g6 33. Re5 Kf7 34. Re1 Rb8 35. Re5 Qd6 36. Qc3 Reb7 37. b5 axb5 1/2-1/2

[Event "CAN-ch"]
[Site "Guelph CAN"]
[Date "2011.05.10"]
[Round "8"]
[White "Hansen, Eric"]
[Black "Panjwani, Raja"]
[Result "1-0"]
[WhiteElo "2425"]
[BlackElo "2413"]
[PlyCount "79"]
[GameId "2160767909704608"]
[EventDate "2011.05.06"]
[EventType "swiss"]
[EventRounds "9"]
[EventCountry "CAN"]
[SourceTitle "CBM 142 Extra"]
[Source "ChessBase"]
[SourceDate "2011.06.27"]
[SourceVersion "1"]
[SourceVersionDate "2011.06.27"]
[SourceQuality "1"]

1. d4 Nf6 2. c4 g6 3. Nc3 Bg7 4. e4 d6 5. h3 O-O 6. Nf3 Qe8 7. Be2 Na6 8. Bg5 e5 9. d5 Nh5 10. g3 f5 11. exf5 gxf5 12. Nh4 Nf6 13. Qc2 Nc5 14. O-O-O Nfe4 15. Nxe4 fxe4 16. Be3 Qa4 17. Qxa4 Nxa4 18. Rdf1 Bd7 19. Bg4 Rad8 20. b3 Nc5 21. Bxd7 Nxd7 22. g4 b5 23. cxb5 Rb8 24. a4 a6 25. Kb2 axb5 26. a5 Nf6 27. Rd1 Ra8 28. b4 c6 29. dxc6 d5 30. Bc5 d4 31. Rhe1 Nd5 32. Bxf8 Bxf8 33. Rxe4 Nc3 34. Rde1 Nxe4 35. Rxe4 d3 36. Nf3 Rd8 37. Kc3 Bh6 38. c7 Rf8 39. g5 Bg7 40. Nxe5 1-0

[Event "CAN-ch"]
[Site "Guelph CAN"]
[Date "2011.05.11"]
[Round "9"]
[White "Thavandiran, Shiyam"]
[Black "Hansen, Eric"]
[Result "0-1"]
[WhiteElo "2335"]
[BlackElo "2425"]
[PlyCount "60"]
[GameId "2160767909704627"]
[EventDate "2011.05.06"]
[EventType "swiss"]
[EventRounds "9"]
[EventCountry "CAN"]
[SourceTitle "CBM 142 Extra"]
[Source "ChessBase"]
[SourceDate "2011.06.27"]
[SourceVersion "1"]
[SourceVersionDate "2011.06.27"]
[SourceQuality "1"]

1. e4 c6 2. d4 d5 3. e5 Bf5 4. Nc3 e6 5. g4 Bg6 6. Nge2 c5 7. Be3 Nc6 8. dxc5 Nxe5 9. Nf4 a6 10. Bg2 Nf6 11. h3 Nc4 12. Bd4 Qc7 13. Nxg6 hxg6 14. b3 Na5 15. Na4 Nc6 16. O-O Rd8 17. Bb2 Ne4 18. Qd3 f5 19. Rfe1 Kf7 20. c4 Qf4 21. Qe3 Qxe3 22. Rxe3 d4 23. Rxe4 fxe4 24. Bxe4 Rxh3 25. a3 Rxb3 26. Kg2 d3 27. Bf3 d2 28. Bc3 Rd3 29. Be2 Rdxc3 30. Nxc3 Rxc3 0-1

[Event "Alberta Closed"]
[Site "Calgary CAN"]
[Date "2011.04.24"]
[Round "4"]
[White "Haynes, Nicolas"]
[Black "Hansen, Eric"]
[Result "0-1"]
[WhiteElo "2311"]
[BlackElo "2538"]
[PlyCount "84"]
[GameId "2160767909770571"]
[EventDate "2011.04.23"]
[EventType "tourn"]
[EventRounds "5"]
[EventCountry "CAN"]

1. Nf3 Nf6 2. c4 g6 3. Nc3 Bg7 4. d4 d5 5. Bg5 Ne4 6. cxd5 Nxg5 7. Nxg5 e6 8. Qd2 h6 9. Nf3 exd5 10. e3 O-O 11. Be2 Nc6 12. O-O Ne7 13. b4 Nf5 14. b5 Nd6 15. Ne5 Be6 16. Rac1 Rc8 17. Bf3 Bxe5 18. dxe5 Nc4 19. Qd4 c6 20. bxc6 bxc6 21. Na4 Qc7 22. Nc5 Nxe5 23. Be2 Nd7 24. Nxe6 fxe6 25. Qh4 Nf6 26. Qxh6 Qg7 27. Qh3 Rfe8 28. Bb5 Qb7 29. Bd3 Kg7 30. Qg3 Qf7 31. Rb1 c5 32. Qe5 c4 33. Bc2 Rh8 34. Rb5 Qc7 35. f4 Qxe5 36. fxe5 Ng4 37. Rb7+ Kh6 38. Rf3 Nxe5 39. Rh3+ Kg5 40. Rg3+ Kf6 41. Rb1 Rb8 42. Rf1+ Ke7 0-1

[Event "Calgary"]
[Site "Calgary CAN"]
[Date "2011.04.22"]
[Round "1"]
[White "Haessel, Dale"]
[Black "Hansen, Eric"]
[Result "0-1"]
[WhiteElo "2209"]
[BlackElo "2412"]
[PlyCount "58"]
[GameId "2160767909778832"]
[EventDate "2011.04.22"]
[EventType "tourn"]
[EventRounds "5"]
[EventCountry "CAN"]
[SourceTitle "CBM 142 Extra"]
[Source "ChessBase"]
[SourceDate "2011.06.27"]
[SourceVersion "1"]
[SourceVersionDate "2011.06.27"]
[SourceQuality "1"]

1. Nf3 Nf6 2. c4 e6 3. Nc3 Bb4 4. g3 O-O 5. Bg2 d5 6. Qb3 a5 7. O-O Nc6 8. d4 a4 9. Qc2 dxc4 10. Nb5 Na5 11. Qxa4 Be7 12. Bd2 c6 13. Nc3 b5 14. Qc2 Qb6 15. e4 b4 16. e5 Nd5 17. Ne4 h6 18. Rfc1 Ba6 19. Bf1 Rfd8 20. Be1 Bb5 21. Ned2 c3 22. Ne4 b3 23. axb3 Bxf1 24. Kxf1 Nxb3 25. Rxa8 Rxa8 26. bxc3 Qa6+ 27. Kg2 Nxc1 28. Qxc1 Qe2 29. Qb1 Ne3+ 0-1

[Event "Calgary"]
[Site "Calgary CAN"]
[Date "2011.04.23"]
[Round "2"]
[White "Hansen, Eric"]
[Black "Rekhson, Vladislav"]
[Result "1-0"]
[WhiteElo "2412"]
[BlackElo "2064"]
[PlyCount "79"]
[GameId "2160767909778835"]
[EventDate "2011.04.22"]
[EventType "tourn"]
[EventRounds "5"]
[EventCountry "CAN"]
[SourceTitle "CBM 142 Extra"]
[Source "ChessBase"]
[SourceDate "2011.06.27"]
[SourceVersion "1"]
[SourceVersionDate "2011.06.27"]
[SourceQuality "1"]

1. e4 e5 2. Nf3 Nc6 3. Bb5 Nf6 4. d3 d6 5. c3 g6 6. Nbd2 Bg7 7. Nf1 O-O 8. Ng3 a6 9. Ba4 b5 10. Bc2 d5 11. O-O d4 12. cxd4 exd4 13. Bd2 Nd7 14. a4 b4 15. Bb3 Na5 16. Bxb4 c5 17. Bd5 cxb4 18. Bxa8 Nb6 19. Bd5 Nxd5 20. exd5 Qxd5 21. Rc1 Qa2 22. Ne4 Qxb2 23. Rb1 Qa3 24. Ra1 Qb3 25. Qd2 f5 26. Rab1 Qd5 27. Ng3 Nc6 28. Rfc1 Bb7 29. Ne2 Ne5 30. Nexd4 Nxf3+ 31. Nxf3 Bc3 32. Rxc3 bxc3 33. Qxc3 Rc8 34. Qf6 Qb3 35. Qa1 Qf7 36. Qd4 Bxf3 37. gxf3 Qc7 38. Re1 Rd8 39. Qf6 Qd6 40. Re8+ 1-0

[Event "Calgary"]
[Site "Calgary CAN"]
[Date "2011.04.23"]
[Round "3"]
[White "Porper, Edward"]
[Black "Hansen, Eric"]
[Result "0-1"]
[WhiteElo "2437"]
[BlackElo "2412"]
[PlyCount "122"]
[GameId "2160767909778839"]
[EventDate "2011.04.22"]
[EventType "tourn"]
[EventRounds "5"]
[EventCountry "CAN"]
[SourceTitle "CBM 142 Extra"]
[Source "ChessBase"]
[SourceDate "2011.06.27"]
[SourceVersion "1"]
[SourceVersionDate "2011.06.27"]
[SourceQuality "1"]

1. d4 d5 2. c4 c6 3. Nf3 Nf6 4. Qb3 dxc4 5. Qxc4 Bf5 6. g3 e6 7. Bg2 Nbd7 8. O-O Be7 9. Nc3 O-O 10. Re1 Ne4 11. Qb3 Qb6 12. Nh4 Qxb3 13. axb3 Ndf6 14. f3 Nxc3 15. bxc3 Bc2 16. Ra2 Bxb3 17. Rb2 Bc4 18. Rxb7 Nd5 19. e4 Ba6 20. Rb3 Bc4 21. Rb7 Ba6 22. Rb3 Nb6 23. Bf1 Bxf1 24. Kxf1 c5 25. Ng2 Rfd8 26. Be3 Nc4 27. Ke2 a5 28. f4 a4 29. Rb7 cxd4 30. Bxd4 Bf8 31. e5 Na5 32. Rb2 Nb3 33. Rd1 Rab8 34. Ra2 a3 35. Ne3 Rdc8 36. c4 h5 37. Bc3 Nc5 38. Kd2 Nd7 39. Bd4 f6 40. exf6 gxf6 41. Kc2 Nb6 42. Bxb6 Rxb6 43. Rb1 Rxb1 44. Kxb1 Bc5 45. Nf1 Kf7 46. Nd2 Kg6 47. Kc2 Kf5 48. Nb3 Bb4 49. Kd3 Rd8+ 50. Ke3 e5 51. fxe5 fxe5 52. Ra1 Rb8 53. Rf1+ Ke6 54. Kd3 Rd8+ 55. Ke4 Bc3 56. c5 Rb8 57. Nc1 Rb4+ 58. Kd3 Bb2 59. Na2 Rd4+ 60. Kc2 Rc4+ 61. Kb3 Rxc5 0-1

[Event "Calgary-ch"]
[Site "Calgary CAN"]
[Date "2011.03.01"]
[Round "3"]
[White "Rekhson, Vladislav"]
[Black "Hansen, Eric"]
[Result "0-1"]
[WhiteElo "2070"]
[BlackElo "2412"]
[PlyCount "60"]
[GameId "2160767909812634"]
[EventDate "2011.02.15"]
[EventType "tourn"]
[EventRounds "7"]
[EventCountry "CAN"]
[SourceTitle "EXT 2019"]
[Source "ChessBase"]
[SourceDate "2018.10.10"]
[SourceVersion "1"]
[SourceVersionDate "2018.10.10"]
[SourceQuality "1"]

1. e4 c5 2. Nf3 e6 3. d4 cxd4 4. Nxd4 a6 5. Be3 Nf6 6. Nc3 Bb4 7. Bd3 Qc7 8. Qd2 d5 9. f3 e5 10. exd5 exd4 11. Bxd4 O-O 12. Bxf6 gxf6 13. O-O Nd7 14. Qh6 Qb6+ 15. Kh1 f5 16. Qg5+ Qg6 17. Qf4 Bd6 18. Qxf5 Nc5 19. Qxc8 Raxc8 20. Bxg6 hxg6 21. Rf2 Rfe8 22. g3 Be5 23. Ne4 Nxe4 24. fxe4 Bxb2 25. Rb1 Bd4 26. Rd2 Bc3 27. Re2 b5 28. Kg2 Rc4 29. Rb3 f5 30. a4 b4 0-1

[Event "Calgary-ch"]
[Site "Calgary CAN"]
[Date "2011.03.08"]
[Round "4"]
[White "Yam, Alex"]
[Black "Hansen, Eric"]
[Result "1/2-1/2"]
[WhiteElo "2162"]
[BlackElo "2412"]
[PlyCount "98"]
[GameId "2160767909812637"]
[EventDate "2011.02.15"]
[EventType "tourn"]
[EventRounds "7"]
[EventCountry "CAN"]
[SourceTitle "EXT 2019"]
[Source "ChessBase"]
[SourceDate "2018.10.10"]
[SourceVersion "1"]
[SourceVersionDate "2018.10.10"]
[SourceQuality "1"]

1. e4 c5 2. c3 Nf6 3. e5 Nd5 4. d4 e6 5. Nf3 cxd4 6. cxd4 d6 7. Bc4 Nc6 8. O-O Nb6 9. Bd3 Nb4 10. Be2 dxe5 11. Nxe5 Nc6 12. Bb5 Bd7 13. Nxd7 Qxd7 14. Nc3 Be7 15. Qg4 O-O 16. Bxc6 bxc6 17. Bh6 Bf6 18. Rfd1 Rfd8 19. Ne4 Qe7 20. Rac1 Rac8 21. h4 Rd7 22. Rc3 Bxd4 23. Rxd4 f5 24. Qxg7+ Qxg7 25. Bxg7 Kxg7 26. Ng5 h6 27. Nxe6+ Kf6 28. Re3 Rd5 29. Rxd5 Nxd5 30. Re2 a5 31. a3 a4 32. g3 f4 33. Nxf4 Nxf4 34. gxf4 Kf5 35. Re7 Kxf4 36. Ra7 Rb8 37. Rxa4+ Kf3 38. Rc4 Rxb2 39. Rc3+ Kg4 40. Rc4+ Kh3 41. Rc3+ Kxh4 42. Rxc6 Ra2 43. Rc4+ Kh3 44. Rc3+ Kg4 45. Kg2 h5 46. Rc4+ Kg5 47. a4 h4 48. Rc5+ Kg4 49. Rc4+ Kg5 1/2-1/2

[Event "Calgary-ch"]
[Site "Calgary CAN"]
[Date "2011.03.15"]
[Round "5"]
[White "Hansen, Eric"]
[Black "Wen, Jean-Francois"]
[Result "1-0"]
[WhiteElo "2412"]
[BlackElo "2083"]
[PlyCount "63"]
[GameId "2160767909812639"]
[EventDate "2011.02.15"]
[EventType "tourn"]
[EventRounds "7"]
[EventCountry "CAN"]
[SourceTitle "EXT 2019"]
[Source "ChessBase"]
[SourceDate "2018.10.10"]
[SourceVersion "1"]
[SourceVersionDate "2018.10.10"]
[SourceQuality "1"]

1. e4 d6 2. d4 g6 3. Nc3 Bg7 4. Be3 a6 5. f4 e6 6. Nf3 Ne7 7. Bd3 Nd7 8. Qd2 b6 9. e5 Bb7 10. Ne4 Bxe4 11. Bxe4 d5 12. Bd3 c5 13. c3 c4 14. Bc2 b5 15. Ke2 h5 16. h3 Nb6 17. g4 Qd7 18. Ng5 f6 19. exf6 Bxf6 20. Nf3 O-O-O 21. Ne5 Qe8 22. Rag1 Kb7 23. Kd1 a5 24. Qe2 Nbc8 25. Bd2 Nd6 26. Nf3 Qf7 27. g5 Bg7 28. Re1 Rhf8 29. Qxe6 Nef5 30. Rhg1 Bh8 31. Qxf7+ Rxf7 32. Re6 1-0

[Event "Calgary-ch"]
[Site "Calgary CAN"]
[Date "2011.03.22"]
[Round "6"]
[White "Yearwood, Roy"]
[Black "Hansen, Eric"]
[Result "0-1"]
[WhiteElo "2046"]
[BlackElo "2412"]
[PlyCount "44"]
[GameId "2160767909812644"]
[EventDate "2011.02.15"]
[EventType "tourn"]
[EventRounds "7"]
[EventCountry "CAN"]
[SourceTitle "EXT 2019"]
[Source "ChessBase"]
[SourceDate "2018.10.10"]
[SourceVersion "1"]
[SourceVersionDate "2018.10.10"]
[SourceQuality "1"]

1. e4 c5 2. Nc3 e6 3. f4 a6 4. a4 Nc6 5. Bc4 Nge7 6. d3 d5 7. Bb3 g6 8. Nf3 Bg7 9. O-O O-O 10. Qe1 Rb8 11. a5 Nxa5 12. Nxd5 Nec6 13. Nc3 Nxb3 14. cxb3 Nb4 15. Qd1 Qxd3 16. Qxd3 Nxd3 17. e5 b6 18. Ne4 a5 19. Rd1 Bb7 20. Nf6+ Bxf6 21. Rxd3 Bg7 22. Bd2 Rfd8 0-1

[Event "Battle At The Border"]
[Site "Lloydminster CAN"]
[Date "2010.09.04"]
[Round "1.2"]
[White "Zeggelaar, Mike"]
[Black "Hansen, Eric"]
[Result "0-1"]
[WhiteElo "1972"]
[BlackElo "2540"]
[PlyCount "38"]
[GameId "2160767909888988"]
[EventDate "2010.09.04"]
[EventType "swiss"]
[EventRounds "5"]
[EventCountry "CAN"]

1. e4 c5 2. d4 cxd4 3. c3 Nf6 4. e5 Nd5 5. Bc4 Nb6 6. Bb3 Nc6 7. Nf3 d5 8. cxd4 Bg4 9. Nc3 e6 10. Ne2 Rc8 11. Bg5 Bb4+ 12. Kf1 Be7 13. Bxe7 Qxe7 14. Qd3 O-O 15. a3 f6 16. Ng3 Bxf3 17. gxf3 fxe5 18. Bc2 g6 19. h4 Nxd4 0-1

[Event "Battle At The Border"]
[Site "Lloydminster CAN"]
[Date "2010.09.04"]
[Round "2.2"]
[White "Hansen, Eric"]
[Black "Rekhson, Vladislav"]
[Result "1-0"]
[WhiteElo "2540"]
[BlackElo "2179"]
[PlyCount "65"]
[GameId "2160767909889000"]
[EventDate "2010.09.04"]
[EventType "swiss"]
[EventRounds "5"]
[EventCountry "CAN"]

1. d4 Nf6 2. c4 c5 3. d5 b5 4. Nf3 d6 5. Qc2 bxc4 6. e4 g6 7. Bxc4 Bg7 8. O-O O-O 9. h3 Nbd7 10. Rd1 Nh5 11. Be2 Rb8 12. Na3 Nb6 13. Rb1 f5 14. e5 dxe5 15. Qxc5 Nf6 16. Nc4 Ne4 17. Qa3 Qc7 18. Nxb6 axb6 19. Ng5 Qc2 20. Nxe4 fxe4 21. Bd2 e3 22. Qxe3 Qa4 23. Bc3 Qf4 24. Qxf4 exf4 25. Bb4 Rb7 26. b3 Ra7 27. a4 Bf5 28. Rbc1 Rd8 29. Rc6 Rad7 30. Bc4 Kh8 31. Rxb6 e6 32. d6 Bf8 33. a5 1-0

[Event "Battle At The Border"]
[Site "Lloydminster CAN"]
[Date "2010.09.05"]
[Round "3.2"]
[White "Gardner, Robert"]
[Black "Hansen, Eric"]
[Result "1/2-1/2"]
[WhiteElo "2309"]
[BlackElo "2540"]
[PlyCount "62"]
[GameId "2160767909889003"]
[EventDate "2010.09.04"]
[EventType "swiss"]
[EventRounds "5"]
[EventCountry "CAN"]

1. d4 Nf6 2. c4 e6 3. Nc3 Bb4 4. f3 d5 5. a3 Bxc3+ 6. bxc3 c5 7. cxd5 Nxd5 8. dxc5 Qa5 9. e4 Ne7 10. Be3 Nbc6 11. Qb3 O-O 12. f4 f5 13. Bd3 fxe4 14. Bxe4 Nd5 15. Bxd5 exd5 16. O-O-O Re8 17. Bd4 b6 18. cxb6 Ba6 19. Nf3 Bc4 20. Qb2 axb6 21. Rhe1 Rec8 22. Ne5 Nxe5 23. Rxe5 Qxa3 24. Qxa3 Rxa3 25. Rde1 Ra1+ 26. Kd2 Ra2+ 27. Ke3 Rxg2 28. Kf3 Rg6 29. Re8+ Rxe8 30. Rxe8+ Kf7 31. Rb8 Bd3 1/2-1/2

[Event "Battle At The Border"]
[Site "Lloydminster CAN"]
[Date "2010.09.05"]
[Round "4.2"]
[White "Hansen, Eric"]
[Black "MacKinnon, Keith"]
[Result "1/2-1/2"]
[WhiteElo "2540"]
[BlackElo "2318"]
[PlyCount "63"]
[GameId "2160767909889006"]
[EventDate "2010.09.04"]
[EventType "swiss"]
[EventRounds "5"]
[EventCountry "CAN"]

1. d4 Nf6 2. Nf3 e6 3. c4 b6 4. g3 Ba6 5. b3 Bb4+ 6. Bd2 Be7 7. Nc3 O-O 8. e4 d5 9. cxd5 Bxf1 10. Kxf1 exd5 11. e5 Ne4 12. Qe2 Nxc3 13. Bxc3 Qd7 14. Kg2 c5 15. Rhe1 Qe6 16. Rad1 Nc6 17. h4 Rad8 18. Qd3 c4 19. Qd2 b5 20. bxc4 bxc4 21. Qc2 Rb8 22. Ng1 f5 23. exf6 Qxf6 24. Re3 Bb4 25. Ba1 Rbe8 26. Rxe8 Rxe8 27. Nh3 Ba5 28. Nf4 Rd8 29. Qe2 Qf5 30. Kg1 Rb8 31. Qf3 Rd8 32. Qe2 1/2-1/2

[Event "Lloydminster BATB op"]
[Site "Lloydminster CAN"]
[Date "2010.09.06"]
[Round "6.5"]
[White "Perron, Sean"]
[Black "Hansen, Eric"]
[Result "0-1"]
[WhiteElo "2079"]
[BlackElo "2540"]
[PlyCount "64"]
[GameId "2160767909889126"]
[EventDate "2010.09.04"]
[EventType "swiss"]
[EventRounds "6"]
[EventCountry "CAN"]
[SourceTitle "EXT 2022"]
[Source "ChessBase"]
[SourceDate "2021.10.06"]
[SourceVersion "1"]
[SourceVersionDate "2021.10.06"]
[SourceQuality "1"]

1. e4 c5 2. Nf3 e6 3. d4 cxd4 4. Nxd4 a6 5. Nc3 Qc7 6. Bd3 Nf6 7. Qe2 d6 8. a4 b6 9. O-O Nbd7 10. Kh1 Bb7 11. Nb3 h5 12. f4 h4 13. Rf3 h3 14. Rxh3 Rxh3 15. gxh3 d5 16. Kg1 dxe4 17. Nxe4 Qc6 18. Ng3 Nc5 19. Nxc5 Bxc5+ 20. Kf1 O-O-O 21. Bd2 Kb8 22. b4 Bd4 23. c3 Bxc3 24. Rc1 Qg2+ 25. Qxg2 Bxg2+ 26. Ke1 Bxd2+ 27. Kxd2 Bxh3 28. Rc4 Bg2 29. h4 Rh8 30. f5 Bd5 31. Rc3 Kb7 32. fxe6 fxe6 0-1

[Event "Battle of Alberta"]
[Site "Red Deer CAN"]
[Date "2010.08.21"]
[Round "1.1"]
[White "Porper, Edward"]
[Black "Hansen, Eric"]
[Result "0-1"]
[WhiteElo "2530"]
[BlackElo "2540"]
[PlyCount "90"]
[GameId "2160767909897467"]
[EventDate "2010.08.21"]
[EventType "team-match"]
[EventRounds "2"]
[EventCountry "CAN"]
[SourceTitle "EXT 2022"]
[Source "ChessBase"]
[SourceDate "2021.10.06"]
[SourceVersion "1"]
[SourceVersionDate "2021.10.06"]
[SourceQuality "1"]

1. d4 Nf6 2. c4 e6 3. Nf3 b6 4. g3 Ba6 5. b3 Bb4+ 6. Bd2 Be7 7. Bg2 c6 8. O-O O-O 9. Bf4 d5 10. Nbd2 Nbd7 11. Ne5 Rc8 12. Nxd7 Qxd7 13. Nf3 Rfd8 14. Rc1 c5 15. dxc5 Bxc5 16. Rc2 Qe7 17. Qb1 dxc4 18. bxc4 Ne4 19. Qb3 Bb7 20. Be3 Bxe3 21. Qxe3 Nd6 22. Rfc1 Rc5 23. Nd4 Rdc8 24. Bxb7 Qxb7 25. Qd3 Qc7 26. Qa3 Nxc4 27. Qa6 Nd6 28. Rxc5 bxc5 29. Nb5 Nxb5 30. Qxb5 c4 31. Rc3 h6 32. Kg2 g6 33. h4 Kg7 34. Kf3 f5 35. Ke3 Kf6 36. Kd2 Qd6+ 37. Kc2 Rc5 38. Qe8 Kg7 39. Re3 Rd5 40. Qxe6 Rd2+ 41. Kc3 Qd4+ 42. Kb4 c3+ 43. Ka5 Qc5+ 44. Ka4 Rd4+ 45. Kb3 Qb4+ 0-1